Statistics for 2022 Albums by Cover

Click here to take the quiz!

General Stats

  • This quiz has been taken 65 times
  • The average score is 8 of 15

Answer Stats

Answer% Correct
Midnights – Taylor Swift
93%
Dawn FM – The Weeknd
85%
Harry's House – Harry Styles
81%
Renaissance – Beyoncé
81%
Mr Morale & The Big Steppers – Kendrick Lamar
76%
Gemini Rights – Steve Lacy
56%
Melt My Eyez See Your Future – Denzel Curry
49%
The Forever Story – JID
47%
Un Verano Sin Ti – Bad Bunny
42%
Caprisongs – FKA twigs
39%
The Car – Arctic Monkeys
36%
The Loneliest Time – Carly Rae Jepsen
27%
Being Funny in a Foreign Language – The 1975
19%
Fossora – Björk
19%
And in the Darkness, Hearts Aglow – Weyes Blood
14%

Score Distribution

Percentile by Number Answered

Percent of People with Each Score

Your Score History

You have not taken this quiz